00438nam a2200193Ia 4500003000400000005001700004008004100021020001400062040000700076041000800083082001800091100002200109245003200131260003600163300001700199365000800216440000800224650001200232OSt20230429112756.0210423s1995 xx 000 0 und d a121821536 cAL aeng a574.1925 ABEJ aABELSON (John N). aMethods in enzymology.V255. aSan DiegobAcademic Pressc1995 axxix,600bPB cINR v255 aEnzymes